LEADER 01614nam0 22003371i 450 001 UON00467245 005 20231205105149.190 010 $a978-38-322-4737-8 100 $a20160505d2005 |0itac50 ba 101 $aeng 102 $aDE 105 $a|||| ||||| 200 1 $aSentence particles in the Somali language and their usage in proverbs$fGeorgi Kapchits 210 $aAachen$cShaker$d2005 215 $a114 p.$d21 cm 410 1$1001UON00157207$12001 $aSemitica et Semitohamitica Berolinensia$fHerausgegeben im Seminar fur Semitistik und Arabistik der Freien Universitat Berlin von Rainer Voigt$v4 606 $aLINGUA SOMALA$xGrammatica$3UONC018767$2FI 606 $aPROVERBI SOMALI$xStudi linguistici$3UONC090207$2FI 620 $aDE$dAachen$3UONL003060 676 $a493.54$cLINGUA SOMALA$v21 700 1$aKABJITS$bGeorgi$3UONV052604$0720260 712 $aShaker$3UONV246772$4650 790 1$aKAPCHITS, G. L.$zKABJITS, Georgi$3UONV052605 790 1$aKABEC, Georgij L.$zKABJITS, Georgi$3UONV052606 801 $aIT$bSOL$c20240220$gRICA 899 $aSIBA - SISTEMA BIBLIOTECARIO DI ATENEO$2UONSI 912 $aUON00467245 950 $aSIBA - SISTEMA BIBLIOTECARIO DI ATENEO$dSI A Afr LING 326 $eSI 19195 7 326 951 $aSIBA - SISTEMA BIBLIOTECARIO DI ATENEO$bSI2016556 1J 20160505 996 $aSentence particles in the Somali language and their usage in proverbs$91399242 997 $aUNIOR LEADER 04317nam 22008295 450 001 9910437765103321 005 20251029215727.0 010 $a1-4614-3755-5 024 7 $a10.1007/978-1-4614-3755-0 035 $a(CKB)2670000000239491 035 $a(EBL)972896 035 $a(OCoLC)807202800 035 $a(SSID)ssj0000741906 035 $a(PQKBManifestationID)11476483 035 $a(PQKBTitleCode)TC0000741906 035 $a(PQKBWorkID)10743032 035 $a(PQKB)11751578 035 $a(DE-He213)978-1-4614-3755-0 035 $a(MiAaPQ)EBC972896 035 $a(MiAaPQ)EBC6310816 035 $a(PPN)168298325 035 $a(EXLCZ)992670000000239491 100 $a20120810d2013 u| 0 101 0 $aeng 135 $aur|n|---||||| 181 $ctxt 182 $cc 183 $acr 200 10$aSpace Program Management $eMethods and Tools /$fby Marcello Spagnulo, Rick Fleeter, Mauro Balduccini, Federico Nasini 205 $a1st ed. 2013. 210 1$aNew York, NY :$cSpringer New York :$cImprint: Springer,$d2013. 215 $a1 online resource (368 p.) 225 1 $aSpace Technology Library ;$v28 300 $aDescription based upon print version of record. 311 08$a1-4614-3754-7 320 $aIncludes bibliographical references & index. 327 $aChapter 1: Space Activities - A Peculiar Economical, Political, and Industrial Sector -- Chapter 2: Space Programs Management -- Chapter 3: Marketing of Space Programs -- Chapter 4: Methods and Tools of Space Programs Management -- Chapter 5: Risk Management of Space Programs -- Chapter 6: Cost Management in Space Programs -- Chapter 7: Financial Management of Space Programs -- Chapter 8: Management of Small, Low Cost Space Programs - A New Paradigm -- Chapter 9: Examples of Management Applied to Different Space Programs -- Acronyms -- Bibliography -- Websites -- Index. 330 $aBeginning with the basic elements that differentiate space programs from other management challenges, Space Program Management explains through theory and example of real programs from around the world, the philosophical and technical tools needed to successfully manage large, technically complex space programs both in the government and commercial environment. Chapters address both systems and configuration management, the management of risk, estimation, measurement and control of both funding and the program schedule, and the structure of the aerospace industry worldwide. 410 0$aSpace Technology Library ;$v28 606 $aManagement 606 $aIndustrial management 606 $aAerospace engineering 606 $aAstronautics 606 $aSpace sciences 606 $aPower (Mechanics) 606 $aInnovation/Technology Management$3https://scigraph.springernature.com/ontologies/product-market-codes/518000 606 $aAerospace Technology and Astronautics$3https://scigraph.springernature.com/ontologies/product-market-codes/T17050 606 $aSpace Sciences (including Extraterrestrial Physics, Space Exploration and Astronautics)$3https://scigraph.springernature.com/ontologies/product-market-codes/P22030 606 $aEnergy, general$3https://scigraph.springernature.com/ontologies/product-market-codes/100000 607 $aOuter space$xExploration$xManagement 615 0$aManagement. 615 0$aIndustrial management. 615 0$aAerospace engineering. 615 0$aAstronautics. 615 0$aSpace sciences. 615 0$aPower (Mechanics) 615 14$aInnovation/Technology Management. 615 24$aAerospace Technology and Astronautics. 615 24$aSpace Sciences (including Extraterrestrial Physics, Space Exploration and Astronautics). 615 24$aEnergy, general. 676 $a629.4068 700 $aSpagnulo$b Marcello$4aut$4http://id.loc.gov/vocabulary/relators/aut$0515125 702 $aFleeter$b Rick$f1954-$4aut$4http://id.loc.gov/vocabulary/relators/aut 702 $aBalduccini$b Mauro$4aut$4http://id.loc.gov/vocabulary/relators/aut 702 $aNasini$b Federico$4aut$4http://id.loc.gov/vocabulary/relators/aut 801 0$bMiAaPQ 801 1$bMiAaPQ 801 2$bMiAaPQ 906 $aBOOK 912 $a9910437765103321 996 $aSpace Program Management$92497910 997 $aUNINA